|
|
|
|
| LEADER |
01411nam a2200349 a 4500 |
| 001 |
16884669 |
| 003 |
BD-DhAAL |
| 008 |
120801s2012 enk b 001 0 eng d |
| 010 |
|
|
|a 2011029796
|
| 020 |
|
|
|a 9780415476263 (hbk.)
|
| 020 |
|
|
|a 0415476267 (hbk.)
|
| 020 |
|
|
|a 9780415476270 (pbk.)
|
| 020 |
|
|
|a 0415476275 (pbk.)
|
| 020 |
|
|
|a 9780203136218 (ebk.)
|
| 020 |
|
|
|a 0203136217 (ebk.)
|
| 040 |
|
|
|a DLC
|b eng
|c DLC
|d YDX
|d CDX
|d YDXCP
|d UKMGB
|d DLC
|d BD-DhAAL
|
| 082 |
0 |
0 |
|a 320.6
|2 23
|
| 100 |
1 |
|
|a John, Peter,
|d 1960-
|9 53442
|
| 245 |
1 |
0 |
|a Analyzing public policy /
|c Peter John.
|
| 250 |
|
|
|a Second edition
|
| 260 |
|
|
|a Abingdon, Oxon ;
|a New York :
|b Routledge,
|c c2012.
|
| 300 |
|
|
|a vii, 213 pages ;
|c 25 cm.
|
| 490 |
1 |
|
|a Routledge textbooks in policy studies.
|
| 500 |
|
|
|a Previous ed. published as: Analysing public policy. London ; New York : Pinter, 1998, in series: Critical political studies (Pinter (Firm))
|
| 504 |
|
|
|a Includes bibliographical references (p. 188-207) and index.
|
| 541 |
|
|
|e 00025788
|
| 650 |
|
0 |
|a Policy sciences.
|
| 830 |
|
|
|a Routledge textbooks in policy studies.
|9 53443
|
| 852 |
4 |
|
|a Ayesha Abed Library
|j General shelf.
|
| 942 |
|
|
|2 ddc
|c BK
|
| 999 |
|
|
|c 12667
|d 12667
|
| 952 |
|
|
|0 0
|1 0
|2 ddc
|4 0
|6 320_600000000000000_JOH
|7 0
|9 20900
|a IGS
|b IGS
|c GEN
|d 2012-08-02
|e Karim International
|g 2640.00
|l 1
|m 2
|o 320.6 JOH
|p 3010025788
|r 2014-06-09
|s 2013-02-14
|t 1
|w 0000-00-00
|y BK
|x Available
|